Pilotes Motogp de 2020 a 2025 - Statistiques

Statistiques générales
  • Ce quiz a été pris 126 fois
  • Le résultat moyen est 30 sur 37
Statistiques - réponses
Numéro
Pilote % Correct
73 Alex Marquez
98%
5 Johann Zarco
98%
93 Marc Marquez
98%
31/37 Pedro Acosta
98%
36 Joan Mir
96%
41 Aleix Espargaro
94%
20 Fabio Quartararo
94%
63/1 Francesco Bagnaia
94%
72 Marco Bezzecchi
94%
44 Pól Espargaro
94%
46 Valentino Rossi
94%
33 Brad Binder
92%
89/1 Jorge Martin
92%
10 Luca Marini
92%
37/7 Augusto Fernandez
90%
40 Darryn Binder
90%
54 Fermin Aldeguer
90%
88 Miguel Oliveira
90%
25 Raul Fernandez
90%
43 Jack Miller
88%
79 Ai Ogura
85%
42 Alex Rins
85%
23 Enea Bastianini
85%
21 Franco Morbidelli
85%
25/12 Maverick Vinales
83%
04 Andréa Dovizioso
81%
49 Fabio Di Giannantonio
81%
35(2011-2020) Cal Crutchlow
75%
30 Takaaki Nakagami
73%
9 Danilo Petrucci
60%
35(2025) Somkiat Chantra
60%
51 Michele Pirro
58%
6 Stefan Bradl
56%
87 Rémy Gardner
50%
53 Tito Rabat
42%
27 Iker Lecuona
33%
32 Lorenzo Savadori
33%
Aucun quiz correspondant
Distribution des résultats
% des personnes avec chaque résultat
Percentile par nombre de réponses
Votre historique - résultats
Vous n’avez pas pris ce quiz